| 000 | 005220000a22001810004500 | ||
|---|---|---|---|
| 003 | MACL | ||
| 005 | 20160304123302.0 | ||
| 008 | 160304b xxu||||| |||| 00| 0 eng d | ||
| 040 |
_aMACL _cMACL |
||
| 041 | _aHindi | ||
| 082 | _a891.431 | ||
| 100 |
_aप्रियदर्शी _942555 |
||
| 245 | _aगीत के नए चरण | ||
| 260 |
_bसाहित्य कला केन्द्र _c1959 _aदिल्ली |
||
| 350 | _a3 | ||
| 650 |
_aPoetry _942556 |
||
| 942 |
_cHIN _k891.431 _2ddc |
||
| 999 |
_c24795 _d24795 |
||